000 00863nas a2200277 4500
001 BR7901055
003 BR-BrBNA
005 20231205083642.0
007 ta
008 230509b bl.|||p| |||| 00| 00por d
040 _aBR-BrBNA
_bpor
_cBiblioteca Nacional de Agricultura
041 _a(Pt)
072 _aQ20
100 1 _aAngelucci, E.
245 1 _aLevantamento da contaminacao de alimentos processados com metais pesados [cobre, estanho, chumbo, mercurio, Brasil]
650 _aALIMENTO
650 _aANALISE QUIMICA
650 _aESTANHO
650 _aMERCURIO
650 _aCOBRE
650 _aMETAL PESADO
650 _aHIGIENE DE ALIMENTO
773 0 _tBoletim do Instituto de Tecnologia de Alimentos (Brazil)
_xISSN 0366-0281
_g(Nov 1978), (no. 60) p. 91-98
_wBR7901055
909 _a202311
_bLúcia
_c55
_dLúcia Elande
942 _2AGRIS
_n0
_cANA
999 _c100324
_d100324